[Event "La Vila Region-ch Preferente"]
[Site "La Vila"]
[Date "2015.10.24"]
[Round "3.6"]
[White "Molto Salido, Jose"]
[Black "Navarro Amoros, Antonio Jose"]
[Result "1-0"]
[WhiteElo "1576"]
[BlackElo "1738"]
[PlyCount "61"]
[EventDate "2015.10.03"]
[EventType "swiss"]
[EventRounds "7"]
[EventCountry "ESP"]
[SourceTitle "EXT 2024"]
[Source "ChessBase"]
[SourceDate "2023.10.10"]
[SourceVersion "1"]
[SourceVersionDate "2023.10.10"]
[SourceQuality "1"]

1. d4 Nf6 2. Nf3 g6 3. Bf4 Bg7 4. e3 0-0 5. c4 d6 6. Bd3 b6 7. Nbd2 Bb7 8. Qc2 Nbd7 9. 0-0 c5 10. d5 Nh5 11. Rae1 Re8 12. Ne4 Qc7 13. Ng3 Nhf6 14. h4 e5 15. Bg5 b5 16. b3 a5 17. h5 a4 18. hxg6 fxg6 19. Nh4 Nf8 20. f4 Ng4 21. f5 gxf5 22. Nhxf5 axb3 23. axb3 bxc4 24. bxc4 Bc8 25. Nh5 Bxf5 26. Bxf5 h6 27. Bh4 e4 28. Bxg4 Ng6 29. Nf6+ Bxf6 30. Bxf6 Rf8 31. Qxe4 1-0

[Event "Provincial-ch Xixona Preferente"]
[Site "Xixona"]
[Date "2014.11.22"]
[Round "7.5"]
[White "Gomez Maestro, Gustavo"]
[Black "Navarro Amoros, Antonio Jose"]
[Result "1-0"]
[WhiteElo "1647"]
[BlackElo "1724"]
[PlyCount "131"]
[EventDate "2014.09.27"]
[EventType "swiss"]
[EventRounds "7"]
[EventCountry "ESP"]
[SourceTitle "EXT 2024"]
[Source "ChessBase"]
[SourceDate "2023.10.10"]
[SourceVersion "1"]
[SourceVersionDate "2023.10.10"]
[SourceQuality "1"]

1. e4 e6 2. d4 d5 3. e5 c5 4. c3 Nc6 5. Nf3 Qb6 6. Bd3 f6 7. 0-0 Bd7 8. Re1 fxe5 9. Nxe5 Nxe5 10. dxe5 0-0-0 11. b4 cxb4 12. Be3 Bc5 13. Bxc5 Qxc5 14. cxb4 Qxb4 15. Nd2 Ne7 16. Rb1 Qa4 17. Qc1+ Kb8 18. Qb2 b6 19. Bc2 Qa6 20. Re3 Rc8 21. Ra3 Qb7 22. Bd3 Rc7 23. Ba6 Qc6 24. Rb3 Bc8 25. Bd3 Bb7 26. Nf3 Qd7 27. Nd4 Rhc8 28. Nb5 Rc5 29. a4 Qc6 30. a5 Rc1+ 31. Bf1 Rxb1 32. Qxb1 bxa5 33. Nd6 Rc7 34. h3 g6 35. Ba6 Qc1+ 36. Qxc1 Rxc1+ 37. Bf1 Nf5 38. Nxb7 Kc7 39. Nxa5 Nd4 40. Rb2 Ra1 41. Nb3 Nxb3 42. Rxb3 a5 43. g3 a4 44. Rb4 a3 45. Kg2 Kc6 46. Bd3 Kc5 47. Ra4 d4 48. Kf3 a2 49. Bc4 d3 50. Rxa2 Rxa2 51. Bxa2 Kd4 52. Bxe6 Kxe5 53. Bb3 h5 54. Ke3 g5 55. Kxd3 h4 56. Ke3 hxg3 57. fxg3 Kf5 58. Bc2+ Kf6 59. Ke4 Kg6 60. g4 Kf6 61. Bd3 Ke6 62. Bc4+ Kf6 63. Bd5 Kg6 64. Ke5 Kg7 65. Kf5 Kh6 66. Kf6 1-0

[Event "Provincial-ch Xixona Preferente"]
[Site "Xixona"]
[Date "2014.11.08"]
[Round "5.4"]
[White "Miquel Juan, Marcelo"]
[Black "Navarro Amoros, Antonio Jose"]
[Result "1-0"]
[WhiteElo "1842"]
[BlackElo "1724"]
[PlyCount "55"]
[EventDate "2014.09.27"]
[EventType "swiss"]
[EventRounds "7"]
[EventCountry "ESP"]
[SourceTitle "EXT 2024"]
[Source "ChessBase"]
[SourceDate "2023.10.10"]
[SourceVersion "1"]
[SourceVersionDate "2023.10.10"]
[SourceQuality "1"]

1. e4 e6 2. d4 d5 3. Bd3 c5 4. exd5 Qxd5 5. Nc3 Qxd4 6. Nb5 Qd8 7. Bf4 Na6 8. Qe2 Bd7 9. 0-0-0 Nf6 10. Bc4 Be7 11. Nd6+ Bxd6 12. Bxd6 Qb6 13. Nh3 0-0-0 14. Ng5 Be8 15. Bg3 Nc7 16. Rxd8+ Kxd8 17. Rd1+ Kc8 18. Qe5 Ncd5 19. Qb8+ Kd7 20. Nxf7 Rg8 21. Nd6 Bh5 22. Bb5+ Ke7 23. Qxg8 Nxg8 24. Nc8+ Kf7 25. Nxb6 Nxb6 26. Rd8 Nf6 27. Rb8 a6 28. Rxb7+ 1-0

[Event "Provincial-ch Xixona Preferente"]
[Site "Xixona"]
[Date "2014.10.18"]
[Round "3.3"]
[White "Carmona Huertas, Juan Antonio"]
[Black "Navarro Amoros, Antonio Jose"]
[Result "1-0"]
[WhiteElo "1589"]
[BlackElo "1724"]
[PlyCount "75"]
[EventDate "2014.09.27"]
[EventType "swiss"]
[EventRounds "7"]
[EventCountry "ESP"]
[SourceTitle "EXT 2024"]
[Source "ChessBase"]
[SourceDate "2023.10.10"]
[SourceVersion "1"]
[SourceVersionDate "2023.10.10"]
[SourceQuality "1"]

1. d4 d5 2. Nf3 e6 3. Bf4 c5 4. e3 Nc6 5. c3 Qb6 6. Qc2 Nf6 7. Nbd2 Bd7 8. Be2 Rc8 9. Rc1 Be7 10. a3 0-0 11. 0-0 a5 12. Ne5 cxd4 13. Nxc6 Rxc6 14. exd4 Rfc8 15. Nf3 Bd6 16. Ne5 R6c7 17. Bd3 Bb5 18. Qb3 Nh5 19. Bg3 Nxg3 20. hxg3 Bxe5 21. dxe5 Rc5 22. a4 Qc7 23. Bxb5 Qxe5 24. Rfe1 Qh5 25. Be2 Qh6 26. Qxb7 d4 27. Rcd1 d3 28. Bxd3 g6 29. Be2 R8c7 30. Qe4 Rf5 31. Rd8+ Kg7 32. Red1 Rcc5 33. Qd4+ Rfe5 34. b4 axb4 35. cxb4 Rcd5 36. Rxd5 exd5 37. Qxe5+ Kf8 38. Qxd5 1-0

[Event "Provincial-ch Xixona Preferente"]
[Site "Xixona"]
[Date "2013.10.05"]
[Round "1"]
[White "Barkov, Ilya"]
[Black "Navarro Amoros, Antonio Jose"]
[Result "0-1"]
[WhiteElo "1331"]
[BlackElo "1723"]
[PlyCount "50"]
[EventDate "2013.10.05"]
[EventType "swiss"]
[EventRounds "7"]
[EventCountry "ESP"]
[SourceTitle "EXT 2024"]
[Source "ChessBase"]
[SourceDate "2023.10.10"]
[SourceVersion "1"]
[SourceVersionDate "2023.10.10"]
[SourceQuality "1"]

1. e4 e6 2. d4 d5 3. e5 c5 4. c3 Nc6 5. Nf3 Qb6 6. Be2 Nh6 7. Na3 Nf5 8. Nc2 Be7 9. Rb1 a5 10. a3 0-0 11. 0-0 f6 12. Bf4 fxe5 13. Bxe5 Nxe5 14. Nxe5 Bd6 15. b4 Bxe5 16. bxc5 Bxh2+ 17. Kxh2 Qd8 18. Qd3 Rf6 19. Rh1 Rh6+ 20. Kg1 Rxh1+ 21. Kxh1 Qh4+ 22. Qh3 Qxf2 23. Qf3 Ng3+ 24. Kh2 Qxe2 25. Qxg3 Qxc2 0-1